<?xml version="1.0" encoding="UTF-8"?>
<resp>
  <nextPage>https://data.bn.org.pl/api/networks/bibs.marcxml?marc=001+b00001150002907&amp;sinceId=1150002908</nextPage>
  <collection>
    <record xmlns='http://www.loc.gov/MARC21/slim'><leader>01198nam a2200361 i 4500</leader><controlfield tag='001'>b00001150002907</controlfield><controlfield tag='005'>20250909070634.5</controlfield><controlfield tag='008'>230609s        pl           |000 0 pol c</controlfield><controlfield tag='009'>9913261736205606</controlfield><datafield ind1=' ' ind2=' ' tag='020'><subfield code='a'>8373377514</subfield></datafield><datafield ind1=' ' ind2=' ' tag='035'><subfield code='a'>KR_1KR_1_20120317230258016177-48omnis_kr</subfield></datafield><datafield ind1=' ' ind2=' ' tag='035'><subfield code='a'>KR_1_20120317230258016177</subfield><subfield code='9'>ExL</subfield></datafield><datafield ind1=' ' ind2=' ' tag='035'><subfield code='a'>(PL)b00001150002907</subfield></datafield><datafield ind1=' ' ind2=' ' tag='040'><subfield code='a'>KR_1</subfield><subfield code='c'>KR_1</subfield><subfield code='d'>WA N</subfield></datafield><datafield ind1='1' ind2=' ' tag='041'><subfield code='a'>pol</subfield><subfield code='h'>eng</subfield></datafield><datafield ind1='1' ind2=' ' tag='100'><subfield code='a'>Westmacott, Mary</subfield><subfield code='d'>(1890-1976)</subfield></datafield><datafield ind1='1' ind2='0' tag='245'><subfield code='a'>Samotna /</subfield><subfield code='c'>Mary Westmacott czyli Agatha Christie ; przeł. Bogumiła Malarecka.</subfield></datafield><datafield ind1=' ' ind2=' ' tag='260'><subfield code='a'>W-wa :</subfield><subfield code='b'>Prószyński i S-ka,</subfield><subfield code='c'>[2002].</subfield></datafield><datafield ind1=' ' ind2=' ' tag='300'><subfield code='a'>159 s. ;</subfield><subfield code='c'>21 cm.</subfield></datafield><datafield ind1='1' ind2=' ' tag='490'><subfield code='a'>Biblioteczka &quot;Pod Różą&quot;</subfield></datafield><datafield ind1=' ' ind2=' ' tag='500'><subfield code='a'>p</subfield></datafield><datafield ind1=' ' ind2='9' tag='650'><subfield code='a'>Powieść angielska</subfield><subfield code='y'>20 w.</subfield></datafield><datafield ind1='1' ind2=' ' tag='700'><subfield code='a'>Malarecka, Bogumiła</subfield><subfield code='e'>Tł.</subfield></datafield><datafield ind1=' ' ind2=' ' tag='852'><subfield code='b'>48OMNIS_NETWORK</subfield><subfield code='8'>9913261736205606</subfield></datafield><datafield ind1=' ' ind2=' ' tag='852'><subfield code='b'>48OMNIS_BOL</subfield><subfield code='8'>990005255850308413</subfield></datafield><datafield ind1=' ' ind2=' ' tag='852'><subfield code='b'>48OMNIS_KR</subfield><subfield code='8'>991000029059708216</subfield></datafield><datafield ind1=' ' ind2=' ' tag='852'><subfield code='8'>22739514560008413</subfield><subfield code='j'>1</subfield><subfield code='b'>001WD</subfield><subfield code='p'>00101-000148953</subfield><subfield code='c'>WD</subfield></datafield><datafield ind1=' ' ind2=' ' tag='852'><subfield code='8'>22739514580008413</subfield><subfield code='j'>1</subfield><subfield code='b'>001F</subfield><subfield code='p'>00101-003014186</subfield><subfield code='c'>F</subfield></datafield><datafield ind1=' ' ind2=' ' tag='920'><subfield code='a'>83-7337-751-4</subfield></datafield></record>
  </collection>
</resp>
